00749nam a2200193 i 450000100060000000300090000600500170001500700030003200800410003510000280007624501440010425000260024826000390027430000270031370000440034085200320038499900170041695201220043320618ES-MaACL20230906152332.0t|021115s1965 sp ||||1| spa d1 aAckley, Gardner.91828610aTeoría macroeconómica / cGardner Ackley ; traducción de la 6ª reimpresión (1964) en inglés por Manuel de J. Fernández Cepero. a1ª ed. en español. aBarcelona, etc : bUteha, c[1965] aXVI, 636 p. ; c24 cm.1 aFernández Cepero, Manuel de J.949571 aES-MaACLjC-33024 bR.63517 c20618d20618 00104070aATENEOMbATENEOMcDEPO2d2008-01-17eSCl0oC-33024p1021170r2023-02-23 00:00:00w2023-02-23yMONOGRAFIA